[Event "Copenhagen Bronshoj-ch"]
[White "Jensen, Thore Nyboe"]
[Black "Thuesen, Mogens Henrik"]
[Site "Copenhagen"]
[Round "9"]
[Result "0-1"]
[Date "2023.06.08"]
[WhiteElo "2039"]
[BlackElo "2143"]
[PlyCount "72"]
[EventDate "2023.03.09"]
[EventType "tourn"]
[EventRounds "9"]
[EventCountry "DEN"]
[SourceTitle "EXT 2024"]
[Source "ChessBase"]
[SourceDate "2023.10.10"]
[SourceVersion "1"]
[SourceVersionDate "2023.10.10"]
[SourceQuality "1"]

1. e4 c5 2. Nf3 e6 3. d4 cxd4 4. Nxd4 Nf6 5. Nc3 Nc6 6. Nxc6 bxc6 7. e5 Nd5 8. Ne4 Qc7 9. f4 Qb6 10. Bd3 Be7 11. a3 f5 12. Nd6+ Bxd6 13. exd6 0-0 14. Qe2 c5 15. Qe5 Bb7 16. b3 Nf6 17. Bb2 a5 18. 0-0-0 a4 19. Bc4 Rf7 20. Rhg1 axb3 21. cxb3 Ba6 22. h3 Bxc4 23. bxc4 h5 24. g4 hxg4 25. hxg4 Nxg4 26. Rxg4 fxg4 27. Rg1 Qc6 28. Rxg4 Qh1+ 29. Kd2 Qh6 30. Qxc5 Rb8 31. Qe5 Kf8 32. Bd4 Qh2+ 33. Kc1 Qa2 34. Bb2 Qxc4+ 35. Kb1 Qd3+ 36. Ka2 Qb3+ 0-1

[Event "DEN-ch G7 Gr1"]
[White "Haarh, Simon Bjork"]
[Black "Jensen, Thore Nyboe"]
[Site "Svendborg"]
[Round "6"]
[Result "0-1"]
[Date "2023.04.05"]
[WhiteElo "1945"]
[BlackElo "2018"]
[PlyCount "122"]
[EventDate "2023.04.05"]
[EventType "swiss"]
[EventRounds "7"]
[EventCountry "DEN"]
[SourceTitle "CBM 213 Extra"]
[Source "ChessBase"]
[SourceDate "2023.05.31"]
[SourceVersion "1"]
[SourceVersionDate "2023.05.31"]
[SourceQuality "1"]

1. e4 c6 2. d4 d5 3. Nc3 dxe4 4. Nxe4 Nd7 5. Nf3 Ngf6 6. Nxf6+ Nxf6 7. Bd3 Bg4 8. Be3 e6 9. h3 Bh5 10. Qe2 Bd6 11. 0-0-0 Nd5 12. g4 Bg6 13. Bxg6 hxg6 14. Bd2 Qc7 15. Kb1 0-0-0 16. Ne5 Bxe5 17. dxe5 c5 18. f4 c4 19. Bc1 Qc6 20. h4 b5 21. Qf2 Kb7 22. Rd4 Nc3+ 23. bxc3 Qxh1 24. f5 gxf5 25. gxf5 Rxd4 26. Qxd4 Qd5 27. Qf4 exf5 28. Qxf5 Rxh4 29. Qg5 Rh1 30. Kb2 g6 31. Qe7+ Kc6 32. Qf6+ Kc7 33. Qe7+ Qd7 34. Qc5+ Kb7 35. Be3 Kb8 36. e6 fxe6 37. Qf8+ Kb7 38. Qc5 Rh5 39. Qxa7+ Kc8 40. Qa8+ Kc7 41. Bf4+ e5 42. Qa7+ Kd6 43. Qb6+ Qc6 44. Qd8+ Ke6 45. Qg8+ Kf5 46. Bc1 Kg4 47. Qg7 Kg3 48. Qa7 Rf5 49. Qe3+ Qf3 50. Qg1+ Qg2 51. Qb6 Kh4 52. Qxb5 Qe4 53. Qb6 Rf1 54. Qd8+ Kh3 55. Qh8+ Kg2 56. Qh6 Rf2 57. Bd2 Kf1 58. Kc1 Qg2 59. a4 Rxd2 60. Qxd2 Qxd2+ 61. Kxd2 Kf2 0-1

[Event "DEN-ch G7 Gr1"]
[White "Jensen, Thore Nyboe"]
[Black "Saravana, Vedant Kumar"]
[Site "Svendborg"]
[Round "1"]
[Result "1-0"]
[Date "2023.04.05"]
[WhiteElo "2018"]
[BlackElo "1947"]
[PlyCount "111"]
[EventDate "2023.04.05"]
[EventType "swiss"]
[EventRounds "7"]
[EventCountry "DEN"]
[SourceTitle "CBM 213 Extra"]
[Source "ChessBase"]
[SourceDate "2023.05.31"]
[SourceVersion "1"]
[SourceVersionDate "2023.05.31"]
[SourceQuality "1"]

1. e4 e5 2. Nf3 Nc6 3. Bc4 Bc5 4. c3 Nf6 5. d3 d6 6. b4 Bb6 7. 0-0 0-0 8. Nbd2 h6 9. Bb3 a6 10. Nc4 Ba7 11. Ne3 Be6 12. Rb1 d5 13. Qc2 d4 14. Nc4 Re8 15. cxd4 Bxd4 16. Nxd4 Nxd4 17. Qd2 b5 18. Na5 Qd6 19. Re1 Rad8 20. Bxe6 Qxe6 21. Nb7 Rb8 22. Nc5 Qg4 23. Qd1 Qxd1 24. Rxd1 Ne2+ 25. Kf1 Nc3 26. Bb2 Nxb1 27. Rxb1 Rb6 28. Ke2 Rd6 29. Rc1 Re7 30. Rc3 Nh5 31. g3 g6 32. Ra3 f5 33. Rxa6 Rxa6 34. Nxa6 Kf7 35. Nb8 Ke6 36. Nc6 Re8 37. Nxe5 fxe4 38. dxe4 Kd6 39. f4 g5 40. Kf3 Rf8 41. f5 Re8 42. Ng6 c5 43. e5+ Kd5 44. e6 c4 45. Kg4 c3 46. Bxc3 Rc8 47. e7 Rxc3 48. Kxh5 Rc8 49. Kxh6 Kd6 50. Kg7 Kd7 51. Kf7 Ra8 52. f6 Rb8 53. Ne5+ Kd6 54. e8Q Rxe8 55. Kxe8 Kxe5 56. f7 1-0

[Event "Bronshoj Seniors Sommer"]
[White "Jensen, Thore Nyboe"]
[Black "Andersen, Soren Mikkel"]
[Site "Copenhagen"]
[Round "3"]
[Result "1-0"]
[Date "2022.08.18"]
[WhiteElo "2072"]
[BlackElo "2156"]
[PlyCount "49"]
[EventDate "2022.08.18"]
[EventType "tourn"]
[EventRounds "7"]
[EventCountry "DEN"]
[SourceTitle "EXT 2024"]
[Source "ChessBase"]
[SourceDate "2023.10.10"]
[SourceVersion "1"]
[SourceVersionDate "2023.10.10"]
[SourceQuality "1"]

1. e4 c5 2. Nf3 d6 3. d4 cxd4 4. Qxd4 Nf6 5. e5 Nfd7 6. exd6 e5 7. Qd5 Nc6 8. Bc4 Qa5+ 9. Nc3 Qxd5 10. Nxd5 Bxd6 11. Be3 Nf6 12. 0-0-0 Nxd5 13. Bxd5 Ke7 14. Bxf7 Bg4 15. Bd5 Nb4 16. Bg5+ Kd7 17. Nxe5+ Bxe5 18. Bf3+ Kc7 19. Bxg4 Nxa2+ 20. Kb1 Nb4 21. Rd7+ Kc6 22. Rhd1 Rab8 23. Be3 a5 24. c3 Na6 25. Bf3+ 1-0

[Event "Bronshoj Seniors Sommer"]
[White "Jensen, Thore Nyboe"]
[Black "Petersen, Steen Brustrup"]
[Site "Copenhagen"]
[Round "7"]
[Result "1/2-1/2"]
[Date "2022.08.18"]
[WhiteElo "2072"]
[BlackElo "2060"]
[PlyCount "67"]
[EventDate "2022.08.18"]
[EventType "tourn"]
[EventRounds "7"]
[EventCountry "DEN"]
[SourceTitle "EXT 2024"]
[Source "ChessBase"]
[SourceDate "2023.10.10"]
[SourceVersion "1"]
[SourceVersionDate "2023.10.10"]
[SourceQuality "1"]

1. e4 c5 2. c3 d5 3. exd5 Qxd5 4. d4 Nf6 5. Nf3 e6 6. Nbd2 Nc6 7. Bc4 Qd8 8. Nb3 cxd4 9. Nbxd4 Nxd4 10. Qxd4 Qxd4 11. Nxd4 a6 12. 0-0 Bd6 13. Re1 0-0 14. a4 Bd7 15. Bg5 Rac8 16. Bb3 Bb8 17. Rad1 Rc5 18. Bh4 Ra5 19. Bc2 Rh5 20. Bg3 Bxg3 21. hxg3 Rc8 22. Rd2 Kf8 23. f3 Rhc5 24. Kf2 Nd5 25. Re4 Nb6 26. Nb3 Rd5 27. Rxd5 exd5 28. Rb4 Nxa4 29. Rxb7 Bc6 30. Rb4 Nxb2 31. Na5 Nc4 32. Nxc4 dxc4 33. Rxc4 Ke7 34. Ke3 1/2-1/2

[Event "Hillerod 100th Ann op"]
[White "Jensen, Thore Nyboe"]
[Black "Bronnum, Jan"]
[Site "Hillerod"]
[Round "6"]
[Result "1-0"]
[Date "2020.02.12"]
[WhiteElo "2006"]
[BlackElo "2034"]
[PlyCount "141"]
[EventDate "2020.02.08"]
[EventType "swiss"]
[EventRounds "9"]
[EventCountry "DEN"]
[SourceTitle "CBM 194 Extra"]
[Source "ChessBase"]
[SourceDate "2020.03.31"]
[SourceVersion "1"]
[SourceVersionDate "2020.03.31"]
[SourceQuality "1"]

1. e4 d5 2. exd5 Qxd5 3. Nc3 Qa5 4. Bc4 c6 5. a3 Nf6 6. b4 Qc7 7. Nge2 b5 8. Bb3 a5 9. Bb2 Bg4 10. bxa5 e6 11. 0-0 Bd6 12. h3 Bh5 13. d3 Nbd7 14. Qd2 Bg6 15. Nd4 e5 16. Ndxb5 cxb5 17. Nxb5 Qb8 18. Nxd6+ Qxd6 19. Qb4 Qc7 20. f4 Rb8 21. Qe1 0-0 22. fxe5 Rfe8 23. Qg3 Nh5 24. Qh2 Nxe5 25. Rae1 Qa7+ 26. Kh1 Nd7 27. Qd6 Nhf6 28. a6 Qb6 29. Rxe8+ Rxe8 30. Qxb6 Nxb6 31. Bxf6 gxf6 32. Rxf6 Nc8 33. Rc6 Ne7 34. Rc7 Kf8 35. Bc4 Ra8 36. a7 Ke8 37. Rb7 Nc8 38. Rb8 Rxa7 39. Rxc8+ Kd7 40. Rb8 Rxa3 41. Rb7+ Ke8 42. Kh2 Rc3 43. Bb3 h5 44. Kg3 Rc5 45. h4 Kf8 46. Rd7 Kg7 47. Rd5 Rc7 48. Kf4 Kf6 49. g4 hxg4 50. h5 Bh7 51. Rd6+ Kg7 52. Kxg4 f6 53. c4 Rc5 54. h6+ Kf7 55. d4 Rg5+ 56. Kf4 Rf5+ 57. Ke3 Rh5 58. c5+ Ke7 59. Re6+ Kd8 60. Rxf6 Rh3+ 61. Rf3 Rxh6 62. d5 Bg6 63. d6 Be8 64. Bd5 Rh5 65. Kd4 Rh4+ 66. Ke5 Rh5+ 67. Rf5 Rh2 68. c6 Re2+ 69. Kf6 Rc2 70. c7+ Kd7 71. Be6+ 1-0

[Event "Hillerod 100th Ann op"]
[White "Kristiansen, Jens"]
[Black "Jensen, Thore Nyboe"]
[Site "Hillerod"]
[Round "1"]
[Result "1/2-1/2"]
[Date "2020.02.08"]
[WhiteElo "2406"]
[BlackElo "2006"]
[PlyCount "108"]
[EventDate "2020.02.08"]
[EventType "swiss"]
[EventRounds "9"]
[EventCountry "DEN"]
[SourceTitle "CBM 194 Extra"]
[Source "ChessBase"]
[SourceDate "2020.03.31"]
[SourceVersion "1"]
[SourceVersionDate "2020.03.31"]
[SourceQuality "1"]

1. Nf3 c5 2. g3 Nf6 3. Bg2 d5 4. 0-0 g6 5. d3 Bg7 6. Nbd2 Nc6 7. e4 0-0 8. c3 dxe4 9. dxe4 Qc7 10. Re1 Ng4 11. Nc4 Rd8 12. Qe2 b6 13. h3 Nge5 14. Nfxe5 Nxe5 15. Ne3 e6 16. f4 Nd3 17. Rd1 Ba6 18. Bd2 Rd7 19. e5 Rad8 20. Be1 c4 21. b4 cxb3 22. axb3 Nxe1 23. Rxd7 Rxd7 24. Qxe1 Bb5 25. c4 Bc6 26. Rd1 Bxg2 27. Kxg2 h5 28. Rxd7 Qxd7 29. Qd1 Qxd1 30. Nxd1 f6 31. exf6 Bxf6 32. Nf2 Kf7 33. Nd3 Bd4 34. Kf3 Kf6 35. Ke4 Bc3 36. b4 a5 37. c5 b5 38. bxa5 Bxa5 39. Kd4 g5 40. fxg5+ Kxg5 41. Nf2 Kf6 42. Ne4+ Ke7 43. g4 hxg4 44. hxg4 Bc7 45. Nc3 Bg3 46. Ne4 Bc7 47. g5 Kf7 48. Nd6+ Kg6 49. Nxb5 Bb8 50. c6 Kxg5 51. Kc5 Kf6 52. Nd6 Ke7 53. Ne4 Bc7 54. Kb5 Kd8 1/2-1/2

[Event "Hvidovre Jyske Bank op"]
[White "Jensen, Thore Nyboe"]
[Black "Tolba, Henri"]
[Site "Hvidovre"]
[Round "5"]
[Result "1-0"]
[Date "2019.04.06"]
[WhiteElo "2042"]
[BlackElo "1729"]
[PlyCount "53"]
[EventDate "2019.04.05"]
[EventType "swiss"]
[EventRounds "7"]
[EventCountry "DEN"]
[SourceTitle "EXT 2025"]
[Source "ChessBase"]
[SourceDate "2024.10.14"]
[SourceVersion "1"]
[SourceVersionDate "2024.10.14"]
[SourceQuality "1"]

1. e4 e5 2. Bc4 Nf6 3. d3 Nc6 4. c3 d6 5. Nd2 Qe7 6. Ngf3 h6 7. Nf1 d5 8. exd5 e4 9. dxe4 Qxe4+ 10. Ne3 Ne5 11. Nxe5 Qxe5 12. 0-0 Be7 13. Re1 0-0 14. Nc2 Qd6 15. b3 Ng4 16. g3 Qf6 17. Qd4 Nxh2 18. Kxh2 Qf5 19. Rxe7 Qh3+ 20. Kg1 Bg4 21. Bf1 Qh5 22. Rxc7 Rae8 23. Ba3 Bf3 24. Bg2 Re4 25. Qd3 Bxg2 26. Kxg2 Rfe8 27. d6 1-0

[Event "Helsingor Xtracon op"]
[White "Jensen, Thore Nyboe"]
[Black "Stojanovski, Sandi"]
[Site "Helsingor"]
[Round "9"]
[Result "0-1"]
[Date "2017.07.29"]
[WhiteElo "2016"]
[BlackElo "2268"]
[PlyCount "62"]
[EventDate "2017.07.22"]
[EventType "swiss"]
[EventRounds "10"]
[EventCountry "DEN"]
[SourceTitle "CBM 179 Extra"]
[Source "ChessBase"]
[SourceDate "2017.08.23"]
[SourceVersion "1"]
[SourceVersionDate "2017.08.23"]
[SourceQuality "1"]

1. e4 c5 2. Nf3 Nc6 3. Bb5 g6 4. 0-0 Bg7 5. Re1 Nf6 6. c3 0-0 7. d4 cxd4 8. cxd4 d5 9. e5 Ne4 10. h3 Qb6 11. Bxc6 bxc6 12. Nbd2 c5 13. Nxe4 dxe4 14. dxc5 Qc6 15. Ng5 Bxe5 16. Rxe4 Bb7 17. f3 Bf6 18. Rc4 Ba6 19. Rc2 Rad8 20. Rd2 Qxc5+ 21. Kh1 Rxd2 22. Qxd2 Qb5 23. Ne4 Qf1+ 24. Kh2 Be5+ 25. f4 Bg7 26. Nc5 Bb5 27. Rb1 Bc6 28. b4 Bd4 29. Kg3 e5 30. Qc2 Qe1+ 31. Kg4 f5+ 0-1

[Event "Helsingor Xtracon op"]
[White "Jorgensen, Dennis"]
[Black "Jensen, Thore Nyboe"]
[Site "Helsingor"]
[Round "8"]
[Result "1/2-1/2"]
[Date "2017.07.28"]
[WhiteElo "2197"]
[BlackElo "2016"]
[PlyCount "100"]
[EventDate "2017.07.22"]
[EventType "swiss"]
[EventRounds "10"]
[EventCountry "DEN"]
[SourceTitle "CBM 179 Extra"]
[Source "ChessBase"]
[SourceDate "2017.08.23"]
[SourceVersion "1"]
[SourceVersionDate "2017.08.23"]
[SourceQuality "1"]

1. d4 Nf6 2. Nf3 e6 3. c4 c5 4. d5 exd5 5. cxd5 d6 6. Nc3 g6 7. Bf4 Bg7 8. Qa4+ Bd7 9. Qb3 Qc7 10. e4 0-0 11. Be2 Ng4 12. 0-0 Re8 13. Nd2 Ne5 14. Bg3 Na6 15. Rfe1 h6 16. Nb5 Bxb5 17. Bxb5 Re7 18. Bh4 g5 19. Bg3 Nb8 20. Be2 Nbd7 21. a4 Nf8 22. Nf1 Neg6 23. Qc2 Nf4 24. Ne3 N8g6 25. Nf5 Re5 26. Bf1 Bf8 27. Rac1 Qa5 28. f3 a6 29. Bf2 b5 30. Ra1 b4 31. g3 Nh5 32. Ne3 Qd8 33. Nc4 Re8 34. a5 Ne5 35. Nd2 Bg7 36. Bg2 Ra7 37. Ra2 Rb7 38. b3 Rb5 39. Bf1 Rxa5 40. Bxa6 Rxa2 41. Qxa2 Qa8 42. Qa4 Re7 43. Be2 Ra7 44. Qb5 Rb7 45. Qa6 Qxa6 46. Bxa6 Ra7 47. Be2 Ra2 48. Nc4 Nxc4 49. Bxc4 Bc3 50. Re2 Ra1+ 1/2-1/2

[Event "Helsingor Xtracon op"]
[White "Jensen, Thore Nyboe"]
[Black "Skovgaard, Emil"]
[Site "Helsingor"]
[Round "5"]
[Result "1-0"]
[Date "2017.07.25"]
[WhiteElo "2016"]
[BlackElo "1764"]
[PlyCount "47"]
[EventDate "2017.07.22"]
[EventType "swiss"]
[EventRounds "10"]
[EventCountry "DEN"]
[SourceTitle "CBM 179 Extra"]
[Source "ChessBase"]
[SourceDate "2017.08.23"]
[SourceVersion "1"]
[SourceVersionDate "2017.08.23"]
[SourceQuality "1"]

1. e4 c5 2. Nf3 d6 3. d4 cxd4 4. Nxd4 Nf6 5. Nc3 g6 6. Be3 Bg7 7. f3 0-0 8. Bc4 Nc6 9. Qd2 Bd7 10. 0-0-0 Rc8 11. Bb3 Ne5 12. Kb1 Nc4 13. Bxc4 Rxc4 14. g4 a6 15. h4 h5 16. Nd5 Ra4 17. Nxf6+ Bxf6 18. gxh5 gxh5 19. Rhg1+ Kh7 20. e5 Bxe5 21. Rg5 f6 22. Rxh5+ Kg6 23. Qg2+ Kf7 24. Rh7+ 1-0

[Event "Helsingor Xtracon op"]
[White "Jensen, Thore Nyboe"]
[Black "Hoi, Carsten"]
[Site "Helsingor"]
[Round "3"]
[Result "0-1"]
[Date "2017.07.23"]
[WhiteElo "2016"]
[BlackElo "2356"]
[PlyCount "33"]
[EventDate "2017.07.22"]
[EventType "swiss"]
[EventRounds "10"]
[EventCountry "DEN"]
[SourceTitle "CBM 179 Extra"]
[Source "ChessBase"]
[SourceDate "2017.08.23"]
[SourceVersion "1"]
[SourceVersionDate "2017.08.23"]
[SourceQuality "1"]

1. e4 g6 2. d4 Bg7 3. f4 d6 4. Nf3 c5 5. d5 Nf6 6. Nc3 0-0 7. Bc4 b5 8. Bxb5 Nxe4 9. Bd2 Nxd2 10. Nxd2 Qb6 11. a4 a6 12. Nc4 Qc7 13. Bc6 Nxc6 14. dxc6 Qxc6 15. Nd5 Ra7 16. 0-0 Bd4+ 17. Kh1 0-1

[Event "Fredericia cand"]
[White "Jensen, Jacob Bjerre"]
[Black "Jensen, Thore Nyboe"]
[Site "Fredericia"]
[Round "5"]
[Result "1/2-1/2"]
[Date "2016.05.08"]
[WhiteElo "2178"]
[BlackElo "2058"]
[PlyCount "68"]
[EventDate "2016.05.06"]
[EventType "swiss"]
[EventRounds "5"]
[EventCountry "DEN"]
[SourceTitle "EXT 2018"]
[Source "ChessBase"]
[SourceDate "2017.10.13"]
[SourceVersion "1"]
[SourceVersionDate "2017.10.13"]
[SourceQuality "1"]

1. d4 Nf6 2. c4 e6 3. Nc3 Bb4 4. Nf3 c5 5. e3 0-0 6. Bd3 d6 7. 0-0 Bxc3 8. bxc3 Nc6 9. Nd2 e5 10. d5 Na5 11. f4 Qe7 12. Nb3 Nxb3 13. axb3 Bg4 14. Qe1 e4 15. Bb1 h5 16. b4 Rfc8 17. f5 Qe5 18. bxc5 Rxc5 19. Ba2 Ra5 20. c5 Bxf5 21. cxd6 Bg6 22. Bd2 Ng4 23. g3 Rxa2 24. Rxa2 Qxd5 25. c4 Qxc4 26. Ra5 b6 27. Ra1 Ne5 28. Qc1 Qd3 29. Bb4 a5 30. Ra2 Rd8 31. Qc7 Qxe3+ 32. Kh1 Rd7 33. Qc8+ Kh7 34. Bc3 Rxd6 1/2-1/2

[Event "Politiken Cup 37th"]
[White "Jensen, Thore Nyboe"]
[Black "Andersen, Morten"]
[Site "Helsingor"]
[Round "9"]
[Result "0-1"]
[Date "2015.08.01"]
[WhiteElo "2008"]
[BlackElo "2174"]
[PlyCount "64"]
[EventDate "2015.07.25"]
[EventType "swiss"]
[EventRounds "10"]
[EventCountry "DEN"]
[SourceTitle "CBM 167 Extra"]
[Source "ChessBase"]
[SourceDate "2015.09.14"]
[SourceVersion "1"]
[SourceVersionDate "2015.09.14"]
[SourceQuality "1"]

1. c4 Nc6 2. g3 d5 3. cxd5 Qxd5 4. Nf3 Nf6 5. Nc3 Qh5 6. Qb3 e5 7. d3 Bb4 8. Bd2 0-0 9. h3 Bxc3 10. Bxc3 Be6 11. Qa4 Nd5 12. Bg2 Nxc3 13. bxc3 f5 14. Rb1 e4 15. g4 Qe8 16. dxe4 fxg4 17. hxg4 Bxg4 18. Rxb7 Bd7 19. Qc4+ Be6 20. Qc5 Bxa2 21. e5 Rd8 22. Rxc7 Bd5 23. c4 Nxe5 24. Re7 Qa4 25. cxd5 Qa1+ 26. Kd2 Qa2+ 27. Ke1 Qa1+ 28. Kd2 Qb2+ 29. Ke1 Rc8 30. Rxg7+ Kxg7 31. Qe7+ Nf7 32. Rxh7+ Kg8 0-1

[Event "Politiken Cup 37th"]
[White "Thybo, Thomas Sondergaard"]
[Black "Jensen, Thore Nyboe"]
[Site "Helsingor"]
[Round "6"]
[Result "0-1"]
[Date "2015.07.29"]
[WhiteElo "1831"]
[BlackElo "2008"]
[PlyCount "62"]
[EventDate "2015.07.25"]
[EventType "swiss"]
[EventRounds "10"]
[EventCountry "DEN"]
[SourceTitle "CBM 167 Extra"]
[Source "ChessBase"]
[SourceDate "2015.09.14"]
[SourceVersion "1"]
[SourceVersionDate "2015.09.14"]
[SourceQuality "1"]

1. e4 e6 2. d4 d5 3. Nc3 Nf6 4. e5 Nfd7 5. f4 c5 6. Nf3 Nc6 7. Ne2 b6 8. Ng3 cxd4 9. Bb5 Bb7 10. f5 Bb4+ 11. Bd2 Qe7 12. 0-0 Bxd2 13. Qxd2 0-0-0 14. Bxc6 Bxc6 15. Nxd4 Bb7 16. Rae1 Kb8 17. Kh1 h5 18. Re3 h4 19. Nge2 Nc5 20. Nf4 Ne4 21. Qd1 exf5 22. e6 g6 23. Nd3 Qg5 24. Rh3 f6 25. Nb4 Rd6 26. g3 Qe3 27. Rxh4 Rxh4 28. gxh4 Nf2+ 29. Rxf2 Qxf2 30. Qd3 Rxe6 31. Nxe6 d4+ 0-1

[Event "Politiken Cup 36th"]
[White "Jensen, Thore Nyboe"]
[Black "Arbeus, Carl Johan"]
[Site "Helsingor"]
[Round "5"]
[Result "1-0"]
[Date "2014.07.24"]
[WhiteElo "2058"]
[BlackElo "1819"]
[PlyCount "79"]
[EventDate "2014.07.21"]
[EventType "swiss"]
[EventRounds "10"]
[EventCountry "DEN"]
[SourceTitle "CBM 161 Extra"]
[Source "ChessBase"]
[SourceDate "2014.08.29"]
[SourceVersion "1"]
[SourceVersionDate "2014.08.29"]
[SourceQuality "1"]

1. e4 e5 2. Nf3 d6 3. d4 Nd7 4. Bc4 h6 5. 0-0 Ngf6 6. Re1 Be7 7. Nbd2 0-0 8. Nf1 c6 9. Ng3 Nxe4 10. dxe5 Nxg3 11. exd6 Bxd6 12. Qxd6 Nf5 13. Qd1 Nf6 14. Bf4 Qb6 15. Ne5 Nd5 16. Bxd5 cxd5 17. b3 Be6 18. Qd3 Qd4 19. Qxd4 Nxd4 20. Rac1 Rac8 21. c3 Nb5 22. c4 dxc4 23. Nxc4 Bxc4 24. bxc4 Na3 25. Bd6 Nxc4 26. Bxf8 Kxf8 27. a4 a6 28. Re4 b5 29. Rd4 Ke7 30. Re1+ Kf6 31. axb5 axb5 32. Rd5 Rb8 33. Rb1 Na3 34. Rb4 Rc8 35. g4 Rc1+ 36. Kg2 Rc2 37. Kg3 Rc3+ 38. f3 Ke6 39. Rd1 Rc5 40. Re4+ 1-0